| 000 | 00817nam a2200241 i 4500 | ||
|---|---|---|---|
| 001 | 36884 | ||
| 003 | ES-MaACL | ||
| 005 | 20240228210414.0 | ||
| 007 | t| | ||
| 008 | 030219s1984 sp ||||1| spa d | ||
| 020 | _a84-276-0682-6 | ||
| 080 | _a946.0"1833/40" | ||
| 100 | 1 |
_aBullón de Mendoza, Alfonso. _932517 |
|
| 245 | 1 | 3 |
_aLa expedición del general Gómez / _cAlfonso Bullón de Mendoza. |
| 260 |
_aMadrid : _bEd. Nacional, _c[1984] |
||
| 300 |
_a444 p. ; _c21 cm. |
||
| 490 | 1 |
_aBiblioteca de visionarios, heterodoxos y marginados ; _v25 |
|
| 504 | _aBibliografía: p. [439]-444. | ||
| 651 | 4 |
_aEspaña- _xHistoria- _y1833-1840, Guerra carlista _98250 |
|
| 830 | 1 |
_aBiblioteca de visionarios, heterodoxos y marginados ; _v25 _9181090 |
|
| 852 | 4 |
_aES-MaACL _jL-7143 |
|
| 999 |
_c36884 _d36884 |
||